000 02458njm a2200637 i 4500
001 34982
003 KOSZ 005
005 20240405063105.0
007 sd fsngnnmmned
008 061010s2005 pl munn i 000 0 d
020 _a8360004331
020 _a8360004064
040 _cKOSZ 005
_aKOSZ 005
_dKOSZ 005/AR
041 0 _apol
046 _k2005
080 _a785(438)
080 _a784(438)
080 _a(086.7)
100 1 _aGórecki, Henryk Mikołaj
_d(1933-2010)
_eKompozytor
245 1 0 _aGórecki /
_cHenryk Mikołaj Górecki.
260 _aWarszawa :
_bMediasat Poland,
_c2005.
300 _a1 płyta CD (66 min 03 s) :
_bzapis cyfrowy, stereo ;
_c12 cm +
_e1 dodatek : 43 strony : ilustracje ; 13 cm x 14 cm.
336 _2rdacontent
_aNagranie muzyczne
_bprm
336 _2rdacontent
_3Dodatek
_aTekst
_btxt
337 _2rdamedia
_aAudio
_bs
337 _2rdamedia
_aKomputer
_bc
337 _2rdamedia
_3Dodatek
_aBez urządzenia pośredniczącego
_bn
338 _2rdacarrier
_aPłyta audio
_bs
338 _2rdacarrier
_3Dodatek
_aWolumin
_bc
380 _aMuzyka
388 _a1901-2000
388 _a2001-
490 1 _aBiblioteka Gazety Wyborczej. Wielcy Kompozytorzy ;
_v27
500 _aTekst komentarza: Aleksandra Suruło.
500 _aWykonanie: Wielka Orkiestra Symfoniczna Polskiego Radia ; Antoni Wit, dyrygent ; Zofia Kilanowicz (sopran).
500 _aNagranie: Sala Koncertowa Polskiego Radia w Katowicach, grudzień 1993 r.
505 _aIII Symfonia "Symfonia pieśni żałosnych" op.36, Trzy utwory w dawnym stylu.
600 1 7 _aGórecki, Henryk Mikołaj
_d(1933-2010)
648 9 _a1901-2000
648 9 _a2001-
650 9 _aKompozytorzy polscy
655 7 _aDokumenty dźwiękowe
655 7 _aMuzyka instrumentalna
655 7 _aMuzyka na głos wysoki i orkiestrę
655 7 _aMuzyka na orkiestrę smyczkową
655 7 _aMuzyka poważna
655 7 _aMuzyka wokalna
655 7 _aSymfonia
700 1 _aSuruło, Aleksandra
_eTekst
700 1 _aWit, Antoni
_eDyrygent
_d(1944- )
700 1 _aKilanowicz, Zofia
_eWykonanie
_d(1963- )
710 2 _aWielka Orkiestra Symfoniczna Polskiego Radia (Katowice)
_eWykonanie
710 2 _aMediasat Poland
_eWydawca
830 0 _aBiblioteka Gazety Wyborczej.
_pWielcy Kompozytorzy
_v27
942 _cCD
_2UKD
999 _c34982
_d34982